[Event "Wch Seniors 50 28th"]
[Site "Bled"]
[Date "2018.11.26"]
[Round "8"]
[White "Jones, David"]
[Black "Theuer, Carsten"]
[Result "1/2-1/2"]
[WhiteElo "1894"]
[BlackElo "1989"]
[PlyCount "94"]
[EventDate "2018.11.18"]
[EventType "swiss"]
[EventRounds "11"]
[EventCountry "SLO"]
[SourceTitle "CBM 187 Extra"]
[Source "ChessBase"]
[SourceDate "2018.11.04"]
[SourceVersion "1"]
[SourceVersionDate "2018.11.04"]
[SourceQuality "1"]

1. d4 Nf6 2. Nf3 g6 3. Bf4 d6 4. Nc3 Bg7 5. Qd2 0-0 6. Bh6 Nbd7 7. Bxg7 Kxg7 8. e4 c5 9. g3 a6 10. a4 Rb8 11. Bg2 b5 12. axb5 axb5 13. e5 dxe5 14. dxe5 Ng4 15. e6 fxe6 16. 0-0 Qb6 17. Rae1 Ndf6 18. h3 Nh6 19. g4 Nf7 20. g5 Nh5 21. Ne4 Bb7 22. Qc3+ Kg8 23. Qxc5 Bxe4 24. Qxb6 Rxb6 25. Rxe4 Rd8 26. Rfe1 Rdd6 27. c3 Ng7 28. h4 Nd8 29. Bf1 Kf8 30. Rb4 Rd5 31. c4 Rf5 32. Kg2 Rf4 33. Rd1 Nb7 34. Rd4 e5 35. Rxf4+ exf4 36. Ne5 Nc5 37. Nd3 Nge6 38. Kf3 Nxd3 39. Bxd3 Nc5 40. Bc2 e5 41. Rxb5 Rxb5 42. cxb5 Ke7 43. b4 Nd7 44. Ke4 Kd6 45. Bb3 Kc7 46. Kd5 f3 47. Bc4 Nb6+ 1/2-1/2

[Event "Wch Seniors 50 28th"]
[Site "Bled"]
[Date "2018.11.21"]
[Round "4"]
[White "Ring, Rudolf"]
[Black "Theuer, Carsten"]
[Result "1/2-1/2"]
[WhiteElo "1745"]
[BlackElo "1989"]
[PlyCount "73"]
[EventDate "2018.11.18"]
[EventType "swiss"]
[EventRounds "11"]
[EventCountry "SLO"]
[SourceTitle "CBM 187 Extra"]
[Source "ChessBase"]
[SourceDate "2018.11.04"]
[SourceVersion "1"]
[SourceVersionDate "2018.11.04"]
[SourceQuality "1"]

1. e4 e6 2. Nf3 d5 3. exd5 exd5 4. g3 Bd6 5. Nc3 c6 6. Bg2 Ne7 7. 0-0 h6 8. d4 Be6 9. Re1 Nd7 10. a3 Nf6 11. Ne5 Qb6 12. b4 a6 13. Na4 Qc7 14. Nc5 Bxc5 15. bxc5 0-0 16. Bf4 Qc8 17. Nd3 Ng6 18. Bd6 Re8 19. Qd2 Bh3 20. Bf3 Qf5 21. Bh1 Ne4 22. Bxe4 dxe4 23. Nf4 Nxf4 24. Qxf4 Qd5 25. Qe3 Rad8 26. Rad1 b5 27. Rd2 Bg4 28. Qf4 Bf3 29. h3 Re6 30. Kh2 Rde8 31. Be5 g5 32. Qe3 Kh7 33. Bc7 Rg6 34. Qb3 Qd7 35. Bd6 h5 36. Qe3 Qf5 37. Bc7 1/2-1/2

[Event "Wch Seniors 50 28th"]
[Site "Bled"]
[Date "2018.11.20"]
[Round "3"]
[White "Theuer, Carsten"]
[Black "Habibi, Ali"]
[Result "0-1"]
[WhiteElo "1989"]
[BlackElo "2237"]
[PlyCount "80"]
[EventDate "2018.11.18"]
[EventType "swiss"]
[EventRounds "11"]
[EventCountry "SLO"]
[SourceTitle "CBM 187 Extra"]
[Source "ChessBase"]
[SourceDate "2018.11.04"]
[SourceVersion "1"]
[SourceVersionDate "2018.11.04"]
[SourceQuality "1"]

1. e4 c5 2. Nf3 a6 3. d4 cxd4 4. Nxd4 Nf6 5. Nc3 d6 6. Be2 e6 7. Be3 Be7 8. Qd2 Nbd7 9. f4 Qc7 10. Bf3 Nb6 11. Be2 Bd7 12. 0-0 0-0 13. h3 Rad8 14. Bd3 Nc4 15. Bxc4 Qxc4 16. Rae1 e5 17. Nb3 Qc7 18. Qf2 Rc8 19. f5 b5 20. Bg5 Bc6 21. Bxf6 Bxf6 22. Nd1 Ba8 23. c3 Kh8 24. Qf3 Qc4 25. Nf2 d5 26. exd5 Bxd5 27. Qg4 Qc6 28. Ne4 a5 29. Nc1 Rg8 30. a3 Bd8 31. Kh2 f6 32. Nd3 g6 33. Rf3 Rc7 34. Ndf2 Rcg7 35. Rg3 Qc8 36. fxg6 f5 37. Nd6 fxg4 38. Nxc8 Bh4 39. Nd6 Bxg3+ 40. Kxg3 Rxg6 0-1

[Event "Hessenliga 1617"]
[Site "Hessen"]
[Date "2016.12.11"]
[Round "4.5"]
[White "Theuer, Carsten"]
[Black "Armbruster, Alexander"]
[Result "0-1"]
[WhiteElo "2027"]
[BlackElo "2296"]
[PlyCount "64"]
[EventDate "2016.09.18"]
[EventType "team-tourn"]
[EventRounds "9"]
[EventCountry "GER"]
[SourceTitle "EXT 2018"]
[Source "ChessBase"]
[SourceDate "2017.10.13"]
[SourceVersion "1"]
[SourceVersionDate "2017.10.13"]
[SourceQuality "1"]
[WhiteTeam "Offenbach"]
[BlackTeam "Hofheim II"]
[WhiteTeamCountry "GER"]
[BlackTeamCountry "GER"]

1. e4 c5 2. Nf3 e6 3. d4 cxd4 4. Nxd4 Nc6 5. Be3 Nf6 6. Bd3 d5 7. exd5 Nxd5 8. Nxc6 bxc6 9. Bd2 Rb8 10. b3 Qf6 11. c3 Bc5 12. 0-0 e5 13. Qc2 g6 14. b4 Bd6 15. a3 0-0 16. c4 Nf4 17. Bxf4 Qxf4 18. g3 Qh6 19. Be4 a5 20. c5 Bc7 21. Qc3 Ba6 22. Re1 Bb5 23. Nd2 Rfd8 24. Nc4 axb4 25. axb4 Rd4 26. Na5 Bxa5 27. Rxa5 Rbd8 28. Bg2 Qg5 29. Bf1 Bxf1 30. Kxf1 Qf5 31. Kg2 e4 32. Re3 Rd2 0-1

[Event "Heusenstamm Sparkassen op-A 2nd"]
[Site "Heusenstamm"]
[Date "2015.11.29"]
[Round "7"]
[White "Theuer, Carsten"]
[Black "Mehringer, Joerg"]
[Result "1/2-1/2"]
[WhiteElo "1788"]
[BlackElo "1976"]
[PlyCount "33"]
[EventDate "2015.11.26"]
[EventType "swiss"]
[EventRounds "7"]
[EventCountry "GER"]
[SourceTitle "EXT 2018"]
[Source "ChessBase"]
[SourceDate "2017.10.13"]
[SourceVersion "1"]
[SourceVersionDate "2017.10.13"]
[SourceQuality "1"]

1. e4 e5 2. Nf3 Nc6 3. Bc4 Nf6 4. d3 Bc5 5. Nc3 h6 6. h3 0-0 7. 0-0 a6 8. a3 b5 9. Ba2 d6 10. b4 Ba7 11. Be3 Be6 12. Nd5 Bxd5 13. exd5 Ne7 14. c4 Qd7 15. Qd2 Qf5 16. Rac1 Rfc8 17. Bb1 1/2-1/2